000 00418nam a2200169Ia 4500
003 GCL
008 140319s9999 xx 000 0 eng d
040 _aGCL /
_cGCL
082 0 4 _aCH
_b843
_bB A
100 1 _aBODAR, JEAN
245 1 0 _aALI BABA ET LES 40 VOLEURS /
_cBODAR, JEAN
700 1 _aBERTRAND, ANDRE
650 0 4 _aCHILDREN
650 0 4 _aFRENCH LITERATURE
650 0 4 _aCHILDREN - FICTION
942 _2ddc
_cBK
999 _c15043
_d15043